[Event "European Team Championship (Women)"]
[Site "Reykjavik ISL"]
[Date "2015.11.13"]
[EventDate "2015.11.13"]
[Round "1.54"]
[Result "0-1"]
[White "Elsa Maria Kristinardottir"]
[Black "Betul Cemre Yildiz"]
[WhiteElo "1887"]
[BlackElo "2348"]
[PlyCount "90"]

1. e4 e5 2. Nf3 Nc6 3. Bc4 Nf6 4. d3 Be7 5. O-O O-O 6. c3 d6
7. Re1 Na5 8. Bb5 a6 9. Ba4 c5 10. Nbd2 b5 11. Bc2 Nc6 12. Nf1
h6 13. Ng3 Re8 14. h3 Qc7 15. Be3 d5 16. exd5 Nxd5 17. Qd2 Bf8
18. Nh4 Be6 19. Nhf5 Nxe3 20. Qxe3 Qd7 21. Qf3 Kh8 22. d4 Bd5
23. Qg4 exd4 24. Nxh6 Qxg4 25. Nxg4 Rxe1+ 26. Rxe1 dxc3
27. bxc3 Rd8 28. Ne5 Nxe5 29. Rxe5 g6 30. h4 Bg7 31. Re7 Bxc3
32. h5 gxh5 33. Nxh5 Bxa2 34. Ra7 a5 35. Rc7 Bd4 36. Rb7 b4
37. Ra7 b3 38. Be4 b2 39. Rxa5 b1=Q+ 40. Bxb1 Bxb1 41. Nf4 Be5
42. Ra4 Bc2 43. Rc4 Rd1+ 44. Kh2 Bd3 45. Ra4 c4 0-1

[Event "European Team Championship (Women)"]
[Site "Reykjavik ISL"]
[Date "2015.11.14"]
[EventDate "2015.11.13"]
[Round "2.3"]
[Result "1-0"]
[White "Betul Cemre Yildiz"]
[Black "Bela Khotenashvili"]
[WhiteElo "2348"]
[BlackElo "2512"]
[PlyCount "85"]

1. e4 g6 2. d4 Bg7 3. c4 d6 4. Nc3 Nd7 5. Be3 e5 6. Nge2 Ne7
7. Qd2 O-O 8. f3 f5 9. d5 Nf6 10. h3 a6 11. g4 b5 12. g5 Nh5
13. cxb5 axb5 14. Nxb5 fxe4 15. fxe4 Bd7 16. Nbc3 Nc8 17. Rg1
Nb6 18. b3 Nf4 19. Rg3 c6 20. Rc1 cxd5 21. exd5 Nh5 22. Rg1
Qb8 23. Ne4 Bf5 24. Bg2 Nc8 25. Rf1 Qb7 26. Rc6 Qd7 27. h4
Bxe4 28. Rxf8+ Bxf8 29. Bxe4 Ne7 30. Rc4 Nf5 31. Bf2 Be7
32. Qc2 Bd8 33. a4 Ne7 34. Bf3 Ng7 35. Nc3 Ne8 36. Bg4 Nf5
37. b4 Rc8 38. Nb5 Rxc4 39. Qxc4 Qb7 40. Qc6 Qxc6 41. dxc6 d5
42. a5 d4 43. a6 1-0

[Event "European Team Championship (Women)"]
[Site "Reykjavik ISL"]
[Date "2015.11.15"]
[EventDate "2015.11.13"]
[Round "3.7"]
[Result "1-0"]
[White "Lilit Mkrtchian"]
[Black "Betul Cemre Yildiz"]
[WhiteElo "2439"]
[BlackElo "2348"]
[PlyCount "107"]

1. c4 e5 2. g3 Nc6 3. Bg2 Bc5 4. Nc3 d6 5. e3 a6 6. Nf3 Ba7
7. O-O Nf6 8. d4 O-O 9. h3 h6 10. b3 Re8 11. dxe5 Nxe5 12. Nd4
Rb8 13. Bb2 Bd7 14. a4 Nc6 15. Nc2 Bf5 16. Nd5 Ne4 17. Kh2 a5
18. Na3 Bc5 19. Nb5 Rc8 20. Nd4 Bh7 21. Nxc6 bxc6 22. Qg4 Bg6
23. Nf4 Qg5 24. Qxg5 hxg5 25. Nxg6 fxg6 26. Rad1 Rb8 27. Rd3
Rb6 28. Bf3 Nf6 29. Kg2 Nd7 30. Bd1 Ne5 31. Rd2 Nd7 32. Bc2
Ne5 33. Ba1 Re7 34. Rdd1 Rb8 35. Bc3 Bb4 36. Bxe5 Rxe5
37. Bxg6 Bc5 38. Rd3 Re6 39. Bf5 Re5 40. Bg4 Rb6 41. Bf3 Re8
42. Rh1 Kf7 43. h4 Rh8 44. h5 Rh6 45. Kh3 Rf6 46. Kg4 Ke6
47. Rh2 Rf8 48. h6 Kf6 49. h7 Rh8 50. Be4 Ba3 51. Rh5 Rb4
52. Bxc6 g6 53. Rh6 Bb2 54. Be4 1-0

[Event "European Team Championship (Women)"]
[Site "Reykjavik ISL"]
[Date "2015.11.16"]
[EventDate "2015.11.13"]
[Round "4.7"]
[Result "0-1"]
[White "Betul Cemre Yildiz"]
[Black "Anne Haast"]
[WhiteElo "2348"]
[BlackElo "2365"]
[PlyCount "80"]

1. e4 c5 2. Nf3 e6 3. c3 d5 4. exd5 Qxd5 5. d4 Nf6 6. Bd3 Nc6
7. O-O Be7 8. a3 a6 9. c4 Qd8 10. dxc5 O-O 11. Nc3 Nd7 12. b4
a5 13. Rb1 f5 14. Bc2 Nde5 15. Nxe5 Nxe5 16. Qe2 Bf6 17. Nb5
axb4 18. axb4 Ra2 19. Bf4 Ng6 20. Bc7 Qe8 21. Bd6 Qc6 22. f3
Rf7 23. Qd1 Nh4 24. Rf2 Qa6 25. Bb3 Rxf2 26. Kxf2 g5 27. Nc7
Qa7 28. Ne8 Bc3 29. b5 f4 30. Qd3 Qa5 31. Rc1 Bd2 32. Rd1 Be3+
33. Kf1 Ng6 34. Bc2 Qd8 35. Nc7 g4 36. Ke2 Qh4 37. Qe4 e5
38. Rf1 Qxh2 39. fxg4 Bxg4+ 40. Kd3 Bf5 0-1

[Event "European Team Championship (Women)"]
[Site "Reykjavik ISL"]
[Date "2015.11.17"]
[EventDate "2015.11.13"]
[Round "5.10"]
[Result "1/2-1/2"]
[White "Jana Krivec"]
[Black "Betul Cemre Yildiz"]
[WhiteElo "2259"]
[BlackElo "2348"]
[PlyCount "70"]

1. e4 e5 2. Nc3 Nf6 3. Bc4 Bb4 4. d3 c6 5. Ne2 d5 6. exd5 cxd5
7. Bb5+ Bd7 8. Bxd7+ Nbxd7 9. O-O O-O 10. d4 h6 11. dxe5 Nxe5
12. Nb5 Qd7 13. Nbd4 Rad8 14. c3 Bc5 15. h3 Ne4 16. f3 Nf6
17. Bf4 Rfe8 18. b3 Ng6 19. Bh2 Qe7 20. Kh1 Rc8 21. Rc1 Qe3
22. Bg1 Qe7 23. Ng3 Qd7 24. Ngf5 Re5 25. g4 Ree8 26. Qd2 Ne7
27. Rce1 Nxf5 28. Nxf5 Bxg1 29. Rxg1 Rxe1 30. Rxe1 Re8 31. Kg2
Re6 32. Nd4 Re7 33. Nf5 Re6 34. Nd4 Re7 35. Nf5 Re6 1/2-1/2

[Event "European Team Championship (Women)"]
[Site "Reykjavik ISL"]
[Date "2015.11.19"]
[EventDate "2015.11.13"]
[Round "6.9"]
[Result "0-1"]
[White "Camille De Seroux"]
[Black "Betul Cemre Yildiz"]
[WhiteElo "2053"]
[BlackElo "2348"]
[PlyCount "122"]

1. e4 e5 2. Nf3 Nc6 3. Nc3 Nf6 4. d4 exd4 5. Nxd4 Bb4 6. Nxc6
bxc6 7. Bd3 d6 8. O-O Ng4 9. h3 Ne5 10. f4 Nxd3 11. cxd3 Qf6
12. Be3 O-O 13. f5 Re8 14. Rc1 Bd7 15. Qd2 h6 16. Qf2 Ba5
17. Bd4 Qxd4 18. Qxd4 Bb6 19. Ne2 Bxd4+ 20. Nxd4 c5 21. Nf3
Rab8 22. b3 a5 23. Rf2 a4 24. bxa4 Rb4 25. a5 Ra8 26. d4 Rxa5
27. dxc5 Rxe4 28. cxd6 cxd6 29. Rd1 Bxf5 30. Rxd6 Be6 31. Rd8+
Kh7 32. Rd4 Rxd4 33. Nxd4 Bxa2 34. Nc6 Ra4 35. Ne5 f6 36. Nd3
Bc4 37. Nf4 Bf7 38. Ne2 Ra1+ 39. Kh2 Ra2 40. Kg1 h5 41. Nd4
Ra4 42. Rf4 Bd5 43. Ne2 Ra1+ 44. Kf2 Ra2 45. g3 Be6 46. g4
hxg4 47. hxg4 Kh6 48. Re4 Bc8 49. Kg3 Ra3+ 50. Kf2 Kg5 51. Re7
g6 52. Ng3 Ra2+ 53. Ke3 Kxg4 54. Ne4 f5 55. Nd6 f4+ 56. Kd4
Bf5 57. Re1 Rd2+ 58. Ke5 f3 59. Nxf5 gxf5 60. Ra1 Re2+ 61. Kf6
f2 0-1

[Event "European Team Championship (Women)"]
[Site "Reykjavik ISL"]
[Date "2015.11.20"]
[EventDate "2015.11.13"]
[Round "7.5"]
[Result "0-1"]
[White "Betul Cemre Yildiz"]
[Black "Almira Skripchenko"]
[WhiteElo "2348"]
[BlackElo "2443"]
[PlyCount "72"]

1. e4 c5 2. Nf3 e6 3. d4 cxd4 4. Nxd4 a6 5. Nc3 Qc7 6. Be3 Bb4
7. Ne2 Nf6 8. a3 Be7 9. f3 b5 10. g4 h6 11. Bg2 Bb7 12. O-O d5
13. exd5 Nxd5 14. Nxd5 Bxd5 15. Nf4 Bb7 16. Nh5 Bc5 17. Qe1
O-O 18. Bxc5 Qxc5+ 19. Qf2 Nd7 20. Rad1 Rfd8 21. f4 Qxf2+
22. Rxf2 Bxg2 23. Kxg2 Nb6 24. Re1 Nc4 25. c3 Rd3 26. a4 bxa4
27. Ra1 a3 28. bxa3 Ne3+ 29. Kg1 Rxc3 30. Rf3 Rac8 31. h3 Nd5
32. Raf1 g6 33. Ng3 Nxf4 34. Rxf4 Rxg3+ 35. Kh2 Rcc3 36. h4
Rxa3 0-1

[Event "European Team Championship (Women)"]
[Site "Reykjavik ISL"]
[Date "2015.11.21"]
[EventDate "2015.11.13"]
[Round "8.8"]
[Result "1-0"]
[White "Betul Cemre Yildiz"]
[Black "Ana Matnadze"]
[WhiteElo "2348"]
[BlackElo "2353"]
[PlyCount "89"]

1. e4 c5 2. Nf3 d6 3. Bb5+ Nc6 4. O-O Bd7 5. Re1 Nf6 6. c3 a6
7. Bc4 b5 8. Bf1 Bg4 9. a4 b4 10. d4 Bxf3 11. gxf3 cxd4
12. cxd4 e5 13. d5 Nd4 14. Be3 Nh5 15. Bxd4 exd4 16. Qxd4 Qg5+
17. Kh1 Be7 18. e5 O-O 19. Nd2 f5 20. Nc4 dxe5 21. Nxe5 Bd6
22. Rac1 Rf6 23. Rc4 Rh6 24. h3 Rd8 25. f4 Qh4 26. Qe3 Rf8
27. Rec1 Qd8 28. Nd3 Qb8 29. Re1 a5 30. Qc1 Qd8 31. Bg2 Nf6
32. Re6 Rg6 33. Rc6 Bb8 34. d6 Ne4 35. Qc4 Kh8 36. Rxg6 hxg6
37. Bxe4 fxe4 38. Ne5 Kh7 39. Qxe4 Rf6 40. d7 Bxe5 41. fxe5
Rf5 42. e6 Qg5 43. e7 Qh5 44. Qg4 Qh6 45. e8=Q 1-0

[Event "European Team Championship (Women)"]
[Site "Reykjavik ISL"]
[Date "2015.11.22"]
[EventDate "2015.11.13"]
[Round "9.11"]
[Result "0-1"]
[White "Sheila Barth Berntsen Sahl"]
[Black "Betul Cemre Yildiz"]
[WhiteElo "2190"]
[BlackElo "2348"]
[PlyCount "88"]

1. e4 e5 2. Nf3 Nc6 3. Bc4 Nf6 4. d3 Be7 5. O-O O-O 6. Re1 d6
7. a4 Na5 8. Ba2 c5 9. c3 Nc6 10. Na3 h6 11. Bd2 Re8 12. h3
Bf8 13. b4 cxb4 14. cxb4 d5 15. Nc2 d4 16. b5 Nb8 17. Bb4 Nbd7
18. Bxf8 Nxf8 19. Nb4 Be6 20. Bxe6 Nxe6 21. Nd5 Nxd5 22. exd5
Nf4 23. Qb3 Qd6 24. g3 Nxd5 25. Nd2 Nc3 26. Nc4 Qd5 27. Nd2
Rad8 28. Qxd5 Rxd5 29. f4 Kf8 30. Kf2 exf4 31. Rxe8+ Kxe8
32. gxf4 Rf5 33. Re1+ Kd7 34. Nb3 Rxf4+ 35. Kg3 Rf5 36. Nxd4
Rd5 37. Nf3 Rxd3 38. Kg2 f6 39. Nh4 Rd5 40. Kf3 Nxa4 41. Ra1
Nc3 42. Rxa7 Rxb5 43. Ke3 Kc7 44. Kd3 Rh5 0-1

[Event "ch-TUR"]
[Site "Adana TUR"]
[Date "2015.12.05"]
[EventDate "2015.11.27"]
[Round "8.4"]
[Result "0-1"]
[White "Betul Cemre Yildiz"]
[Black "Dragan Solak"]
[WhiteElo "2348"]
[BlackElo "2628"]
[PlyCount "130"]

1. e4 c5 2. Nf3 d6 3. Bb5+ Nc6 4. O-O Bd7 5. Re1 Nf6 6. c3 a6
7. Bc4 b5 8. Bf1 e6 9. a4 bxa4 10. Rxa4 a5 11. Ra1 Be7 12. d4
cxd4 13. Nxd4 O-O 14. Nb5 d5 15. Nd2 Qb8 16. exd5 Nxd5 17. Ne4
Rd8 18. c4 Ncb4 19. Nd4 Nf4 20. Qf3 Ng6 21. Rd1 Nh4 22. Qe2 e5
23. Nb5 Nf5 24. Ng3 Nxg3 25. hxg3 Bc5 26. Bd2 Bc6 27. Bg5 f6
28. Rxd8+ Qxd8 29. Rd1 Qb6 30. Bc1 Re8 31. Be3 Bxe3 32. Qxe3
Qxe3 33. fxe3 Kf8 34. Kf2 Ke7 35. Ra1 Ra8 36. Be2 f5 37. Nc3
g6 38. Nb5 h5 39. Nc3 Kd6 40. Nb5+ Ke7 41. Nc3 Kd6 42. Nb5+
Kc5 43. Rd1 Re8 44. Ra1 Kb6 45. Rd1 Kc5 46. Ra1 Ra8 47. Rd1
Rc8 48. Ra1 Kb6 49. Nc3 Na6 50. Rd1 Kc5 51. Nb5 Rb8 52. Rd2 a4
53. Rd1 e4 54. Rd2 Kb4 55. Rd6 Bxb5 56. cxb5 Nc5 57. Ke1 Kb3
58. Rd2 Nd3+ 59. Bxd3 exd3 60. Kd1 Rxb5 61. Kc1 Rc5+ 62. Kb1
Rd5 63. Kc1 Rc5+ 64. Kb1 Kc4 65. Ka2 Re5 0-1

[Event "European Individual Championship (Women)"]
[Site "Mamaia ROU"]
[Date "2016.05.27"]
[EventDate "2016.05.27"]
[Round "1.51"]
[Result "1-0"]
[White "Betul Cemre Yildiz"]
[Black "Emilia-Florentina Coman"]
[WhiteElo "2312"]
[BlackElo "1891"]
[PlyCount "67"]

1. e4 e6 2. d4 d5 3. Nd2 c5 4. exd5 Qxd5 5. dxc5 Nd7 6. Ngf3
Bxc5 7. Bc4 Qc6 8. Qe2 a6 9. O-O Ngf6 10. Nb3 b5 11. Bd3 O-O
12. Bg5 Bd6 13. Rfd1 Qc7 14. a4 b4 15. a5 Bb7 16. h3 h6
17. Bd2 e5 18. Bf5 e4 19. Nfd4 Ne5 20. Bg4 Nexg4 21. hxg4 Bc8
22. g5 Bh2+ 23. Kh1 Ng4 24. Rf1 hxg5 25. Bxg5 Bg3 26. fxg3
Qxg3 27. Bf4 Qh4+ 28. Kg1 g5 29. Bd6 Rd8 30. Qxe4 Rxd6
31. Qe8+ Kh7 32. Qxf7+ Kh8 33. Qf8+ Kh7 34. Qxd6 1-0

[Event "European Individual Championship (Women)"]
[Site "Mamaia ROU"]
[Date "2016.05.28"]
[EventDate "2016.05.27"]
[Round "2.16"]
[Result "1-0"]
[White "Sabrina Vega Gutierrez"]
[Black "Betul Cemre Yildiz"]
[WhiteElo "2375"]
[BlackElo "2312"]
[PlyCount "103"]

1. e4 e5 2. Nf3 Nc6 3. d4 exd4 4. Nxd4 Bb4+ 5. c3 Bc5 6. Be3
Bb6 7. Nf5 g6 8. Bxb6 axb6 9. Ne3 Nf6 10. f3 O-O 11. c4 Nh5
12. Qd2 d6 13. Nc3 Ng7 14. Bd3 f5 15. exf5 Bxf5 16. Nxf5 Nxf5
17. O-O Qf6 18. Nb5 Qg7 19. Be4 Kh8 20. b3 Rae8 21. Rae1 Re7
22. Bxf5 Rxf5 23. Rxe7 Qxe7 24. Re1 Re5 25. Rxe5 Nxe5 26. Qd5
Nc6 27. Qe4 Qf7 28. f4 Kg7 29. g4 Qd7 30. h3 Kf8 31. Kg2 Qg7
32. Kg3 Nd8 33. h4 Nc6 34. f5 Nd8 35. Nd4 c6 36. g5 Qe5+
37. Qxe5 dxe5 38. Nf3 e4 39. fxg6 exf3 40. gxh7 Kg7 41. g6 Ne6
42. Kxf3 b5 43. cxb5 Nd4+ 44. Ke4 Nxb5 45. Ke5 Nc3 46. a4 b6
47. h5 c5 48. Kd6 Ne4+ 49. Kc6 Nd2 50. Kxb6 Nxb3 51. a5 c4
52. a6 1-0

[Event "European Individual Championship (Women)"]
[Site "Mamaia ROU"]
[Date "2016.05.29"]
[EventDate "2016.05.27"]
[Round "3.34"]
[Result "1-0"]
[White "Betul Cemre Yildiz"]
[Black "Ekaterini Pavlidou"]
[WhiteElo "2312"]
[BlackElo "2209"]
[PlyCount "131"]

1. e4 e5 2. Nf3 Nc6 3. Bb5 a6 4. Bxc6 dxc6 5. O-O Bg4 6. h3 h5
7. d3 Qf6 8. Nbd2 Ne7 9. Re1 Ng6 10. hxg4 hxg4 11. g3 Bc5
12. Nb3 Bb6 13. Bg5 Qxf3 14. Qxf3 gxf3 15. Nd2 Ba5 16. c3 f6
17. Be3 O-O-O 18. b4 Bb6 19. Bxb6 cxb6 20. Re3 Rh6 21. Nxf3
Rdh8 22. Kg2 Nf4+ 23. Kf1 Rh1+ 24. Ng1 g5 25. d4 R8h2 26. gxf4
exf4 27. Rd3 g4 28. Ke2 Rg2 29. Rdd1 Rhh2 30. Rf1 c5 31. Rad1
c4 32. Nf3 gxf3+ 33. Kxf3 Kd7 34. Rd2 Rg3+ 35. fxg3 Rxd2
36. Kxf4 Rc2 37. Rf3 Rxa2 38. e5 Ke7 39. exf6+ Kxf6 40. Ke4+
Ke7 41. Kd5 b5 42. g4 Rd2 43. Rh3 Rd3 44. Rh7+ Kf6 45. Rxb7
Rxc3 46. Rb6+ Kg5 47. Rxa6 Rb3 48. Kc5 c3 49. Kxb5 Kxg4
50. Ka4 Rb1 51. Rc6 Ra1+ 52. Kb3 Rb1+ 53. Kc2 Rxb4 54. Kxc3
Ra4 55. Rf6 Kg5 56. Rf1 Kg6 57. d5 Kg7 58. Rf2 Kg6 59. d6 Ra6
60. Rd2 Ra8 61. d7 Rd8 62. Kc4 Kf7 63. Kc5 Ke7 64. Kc6 Ra8
65. Re2+ Kf7 66. Kb7 1-0

[Event "European Individual Championship (Women)"]
[Site "Mamaia ROU"]
[Date "2016.05.30"]
[EventDate "2016.05.27"]
[Round "4.20"]
[Result "1/2-1/2"]
[White "Sopiko Khukhashvili"]
[Black "Betul Cemre Yildiz"]
[WhiteElo "2355"]
[BlackElo "2312"]
[PlyCount "125"]

1. e4 e5 2. Nf3 Nc6 3. Bb5 a6 4. Ba4 Nf6 5. O-O Bc5 6. c3 b5
7. Bb3 d6 8. h3 Bb7 9. d4 Bb6 10. Re1 h6 11. a4 O-O 12. Na3
exd4 13. cxd4 Re8 14. d5 Na5 15. axb5 Nxb3 16. Qxb3 Nxe4
17. Be3 Bxe3 18. fxe3 Nc5 19. Qd1 axb5 20. b4 Ne4 21. Qd3 Ng5
22. Nd2 c6 23. h4 Nh7 24. Nf3 Nf6 25. dxc6 Bxc6 26. Nd4 Be4
27. Qxb5 Nd5 28. Nc4 Rb8 29. Qa5 Nxb4 30. Qxd8 Rbxd8 31. Ra7
Bd3 32. Na5 Ra8 33. Rxa8 Rxa8 34. Ndc6 Be4 35. Nxb4 Rxa5
36. Rd1 Ra4 37. Nd3 Bxd3 38. Rxd3 Rxh4 39. Rxd6 Ra4 40. Kf2 g6
41. Kf3 h5 42. e4 Ra3+ 43. Kf2 Kf8 44. Rd7 h4 45. Rb7 g5
46. Rb5 g4 47. Rg5 Ra2+ 48. Kf1 Ra1+ 49. Kf2 Ra2+ 50. Kf1 h3
51. gxh3 gxh3 52. Kg1 Ke7 53. Rh5 Ra3 54. Kh2 Ke6 55. Rb5 Re3
56. Ra5 Kf6 57. Rh5 Rxe4 58. Kxh3 Re5 59. Rh8 Rg5 60. Ra8 Kg6
61. Kh4 f6 62. Rg8+ Kf5 63. Rxg5+ 1/2-1/2

[Event "European Individual Championship (Women)"]
[Site "Mamaia ROU"]
[Date "2016.05.31"]
[EventDate "2016.05.27"]
[Round "5.20"]
[Result "0-1"]
[White "Betul Cemre Yildiz"]
[Black "Salome Melia"]
[WhiteElo "2312"]
[BlackElo "2409"]
[PlyCount "82"]

1. e4 c5 2. Nf3 Nc6 3. Bb5 g6 4. Bxc6 dxc6 5. d3 Bg7 6. h3 e5
7. Nc3 Ne7 8. Be3 b6 9. a3 a5 10. Qd2 h6 11. Na4 Be6 12. Qc3
O-O 13. O-O f5 14. b4 f4 15. Bd2 Nf5 16. exf5 e4 17. d4 axb4
18. axb4 cxd4 19. Qxc6 Bd5 20. Qxb6 exf3 21. Qxd8 Raxd8
22. gxf3 Rxf5 23. Ra3 Ra8 24. Bc1 d3 25. cxd3 Bxf3 26. Kh2 Re8
27. d4 Bc6 28. Nc3 Bxd4 29. Bd2 Rg5 30. Rg1 Bxf2 31. Rxg5 hxg5
32. Ra6 Bg3+ 33. Kg1 f3 34. Nd1 Rd8 35. Rxc6 Rxd2 36. Nc3 Re2
37. Nxe2 fxe2 38. Re6 e1=Q+ 39. Rxe1 Bxe1 40. b5 Ba5 41. Kg2
Kf7 0-1

[Event "European Individual Championship (Women)"]
[Site "Mamaia ROU"]
[Date "2016.06.01"]
[EventDate "2016.05.27"]
[Round "6.30"]
[Result "1/2-1/2"]
[White "Kubra Ozturk"]
[Black "Betul Cemre Yildiz"]
[WhiteElo "2226"]
[BlackElo "2312"]
[PlyCount "21"]

1. d4 d5 2. c4 dxc4 3. Nf3 a6 4. e3 b5 5. a4 Bb7 6. axb5 axb5
7. Rxa8 Bxa8 8. b3 e6 9. bxc4 bxc4 10. Bxc4 Nf6 11. O-O
1/2-1/2

[Event "European Individual Championship (Women)"]
[Site "Mamaia ROU"]
[Date "2016.06.03"]
[EventDate "2016.05.27"]
[Round "7.30"]
[Result "1/2-1/2"]
[White "Betul Cemre Yildiz"]
[Black "Anastasiya Rakhmangulova"]
[WhiteElo "2312"]
[BlackElo "2245"]
[PlyCount "111"]

1. d4 d5 2. c4 Nc6 3. e3 e5 4. dxe5 d4 5. exd4 Qxd4 6. Qxd4
Nxd4 7. Bd3 Be6 8. Be3 O-O-O 9. Nd2 Nc6 10. Be2 Nxe5 11. Ngf3
Nxf3+ 12. Nxf3 Bb4+ 13. Bd2 Bxd2+ 14. Nxd2 Ne7 15. O-O-O Ng6
16. Rhe1 Rhe8 17. Bf1 f6 18. Re3 Ne5 19. Rde1 g5 20. f3 Bf5
21. Ne4 Bxe4 22. Rxe4 Rd6 23. Rd1 Rxd1+ 24. Kxd1 Rd8+ 25. Kc1
c5 26. f4 Ng6 27. fxg5 fxg5 28. Be2 Kc7 29. g3 Kd6 30. Re3 Ne5
31. Ra3 Rf8 32. Rxa7 Rf2 33. Kd1 Kc6 34. h4 gxh4 35. gxh4 Rf4
36. h5 Nxc4 37. b3 Nb6 38. Kd2 Rf8 39. Bd3 Rd8 40. Kc2 h6
41. Be4+ Nd5 42. Ra4 Kc7 43. Bxd5 Rxd5 44. Rh4 b5 45. a4 b4
46. Rh2 Kb6 47. Rh3 Ka5 48. Rh4 Rg5 49. Kb2 Rg2+ 50. Kb1 Rg3
51. Kb2 Rc3 52. Rf4 Rh3 53. Rf5 Rh2+ 54. Kc1 Rh1+ 55. Kd2 Rh2+
56. Kc1 1/2-1/2

[Event "European Individual Championship (Women)"]
[Site "Mamaia ROU"]
[Date "2016.06.04"]
[EventDate "2016.05.27"]
[Round "8.31"]
[Result "1/2-1/2"]
[White "Miranda Mikadze"]
[Black "Betul Cemre Yildiz"]
[WhiteElo "2233"]
[BlackElo "2312"]
[PlyCount "37"]

1. d4 Nf6 2. Nf3 d5 3. Bf4 c5 4. e3 Nc6 5. Be2 cxd4 6. exd4
Qb6 7. Nc3 Bg4 8. O-O e6 9. Na4 Qd8 10. c3 Bxf3 11. Bxf3 Bd6
12. Bg3 O-O 13. Nc5 Bxg3 14. hxg3 b6 15. Nd3 Na5 16. Re1 Rc8
17. g4 Nd7 18. g3 Nc4 19. Kg2 1/2-1/2

[Event "European Individual Championship (Women)"]
[Site "Mamaia ROU"]
[Date "2016.06.05"]
[EventDate "2016.05.27"]
[Round "9.29"]
[Result "1-0"]
[White "Betul Cemre Yildiz"]
[Black "Laura Unuk"]
[WhiteElo "2312"]
[BlackElo "2246"]
[PlyCount "85"]

1. e4 e6 2. d4 d5 3. Nd2 Nf6 4. e5 Nfd7 5. Bd3 c5 6. c3 Nc6
7. Ne2 cxd4 8. cxd4 f6 9. exf6 Nxf6 10. O-O Bd6 11. Nf3 Qc7
12. Bd2 O-O 13. Rc1 Bd7 14. Ng3 Qb6 15. Bc3 Bf4 16. Rc2 Nb4
17. Bxb4 Qxb4 18. Ne2 Bd6 19. Nc3 Rae8 20. Re1 Re7 21. Ne5 Be8
22. Rd2 Bh5 23. Qc2 Kh8 24. Nb5 Bb8 25. a3 Qa5 26. b4 Qb6
27. Bf1 Ne4 28. Rxe4 dxe4 29. Qxe4 Bxe5 30. dxe5 Ref7 31. Qe1
a6 32. Nd6 Rf4 33. Ne4 Bg4 34. Nc5 Rd8 35. h3 Bf5 36. Qe3 Rxd2
37. Qxd2 Rh4 38. g3 Rh6 39. Qd7 g5 40. Qe8+ Kg7 41. Qe7+ Kg6
42. Qf6+ Kh5 43. g4+ 1-0

[Event "European Individual Championship (Women)"]
[Site "Mamaia ROU"]
[Date "2016.06.06"]
[EventDate "2016.05.27"]
[Round "10.19"]
[Result "1-0"]
[White "Corina-Isabela Peptan"]
[Black "Betul Cemre Yildiz"]
[WhiteElo "2402"]
[BlackElo "2312"]
[PlyCount "157"]

1. c4 e5 2. Nc3 Nf6 3. Nf3 Nc6 4. e3 Bb4 5. Qc2 O-O 6. Nd5 Re8
7. Bd3 g6 8. h4 Bf8 9. a3 d6 10. Ng5 Bg7 11. Rb1 a5 12. b3
Nxd5 13. cxd5 Ne7 14. e4 h6 15. Nf3 c6 16. dxc6 bxc6 17. Bb2
Be6 18. Bc4 d5 19. exd5 cxd5 20. Bb5 Bd7 21. Bxd7 Qxd7 22. O-O
Nf5 23. d3 e4 24. dxe4 dxe4 25. Bxg7 Nxg7 26. Nh2 h5 27. Rfe1
Rac8 28. Qb2 Qd8 29. g3 Nf5 30. Nf1 Rc6 31. Rbd1 Rd6 32. Rxd6
Qxd6 33. Ne3 Nd4 34. Rd1 Rd8 35. Kf1 Qa6+ 36. Nc4 Qf6 37. Rd2
Rd5 38. Qc3 Qd8 39. Ne3 Rd7 40. Kg2 Kh7 41. a4 f5 42. Nc4 f4
43. gxf4 Nf3 44. Rxd7+ Qxd7 45. Ne5 Nxh4+ 46. Kh2 Qb7 47. Qc6
Qa7 48. Kh3 Qe7 49. Qxe4 Nf5 50. Qc6 Nd6 51. Qd5 Kg7 52. Kg2
Nf5 53. Nc6 Qh4 54. Qf3 Qf6 55. Qe4 Qh4 56. Ne5 Qe7 57. Qd5
Nh4+ 58. Kh3 Nf5 59. Qxa5 g5 60. fxg5 Nd4 61. Qd5 Nxb3 62. f4
Nc5 63. Kh4 Ne6 64. Qe4 Kg8 65. Qg6+ Ng7 66. Qd3 Ne6 67. Qd5
Kg7 68. Nc6 Qe8 69. f5 Nxg5 70. f6+ Kh7 71. Qf5+ Qg6 72. Ne7
Qxf5 73. Nxf5 Kg6 74. a5 Ne6 75. Ng7 Nf4 76. Nxh5 Nd5 77. a6
Kf7 78. a7 Nc7 79. Kg5 1-0

[Event "European Individual Championship (Women)"]
[Site "Mamaia ROU"]
[Date "2016.06.07"]
[EventDate "2016.05.27"]
[Round "11.30"]
[Result "0-1"]
[White "Betul Cemre Yildiz"]
[Black "Oliwia Kiolbasa"]
[WhiteElo "2312"]
[BlackElo "2319"]
[PlyCount "112"]

1. d4 d5 2. Nf3 Nf6 3. c4 c6 4. e3 g6 5. Nc3 Bg7 6. Bd3 O-O
7. O-O dxc4 8. Bxc4 Nbd7 9. a4 Nb6 10. Be2 Nbd5 11. a5 c5
12. Qb3 cxd4 13. Nxd5 Nxd5 14. Nxd4 e5 15. Nf3 Be6 16. Qxb7
Qd6 17. Ng5 a6 18. Ne4 Qd8 19. Nc5 Nc7 20. Nxe6 Nxe6 21. Qc6
Qe7 22. Bxa6 Nc5 23. Bc4 Rfc8 24. Qf3 e4 25. Qe2 Be5 26. Ra2
Qc7 27. f4 exf3 28. Qxf3 Ne6 29. Bd5 Bxh2+ 30. Kh1 Ra7 31. b4
Be5 32. Bd2 Qd7 33. e4 Nd4 34. Qh3 Qd8 35. Be3 Rc3 36. Raf2
Nf5 37. exf5 Qxd5 38. fxg6 hxg6 39. Rf3 Rb7 40. Bb6 Qc4
41. Rd1 Rc1 42. Rd3 Rb8 43. Bc5 Re8 44. Qd7 Qh4+ 45. Rh3 Rxd1+
46. Qxd1 Rd8 47. Qe2 Qf4 48. Bg1 Bd6 49. b5 Qg5 50. a6 Bc5
51. a7 Qc1 52. Re3 Kg7 53. Qe1 Rh8+ 54. Bh2 Qxe3 55. Qa1+ Bd4
56. a8=Q Rxa8 0-1

[Event "Chess Olympiad (Women)"]
[Site "Baku AZE"]
[Date "2016.09.05"]
[EventDate "2016.09.02"]
[Round "4.20"]
[Result "1-0"]
[White "Betul Cemre Yildiz"]
[Black "Sharmin Shirin Sultana"]
[WhiteElo "2369"]
[BlackElo "2002"]
[PlyCount "125"]

1. e4 c5 2. Nf3 e6 3. d4 cxd4 4. Nxd4 Nc6 5. Nb5 d6 6. c4 a6
7. N5c3 Nf6 8. Be2 Be7 9. O-O O-O 10. Be3 b6 11. Na3 Bb7
12. Rc1 Ne5 13. f4 Ned7 14. Bf3 Qc7 15. Qe2 Rac8 16. g4 Nc5
17. Bd2 Ne8 18. Nc2 d5 19. exd5 exd5 20. Bxd5 Nf6 21. Ne3 Nce4
22. Bxb7 Qxb7 23. Qg2 Bc5 24. Kh1 Rb8 25. Nxe4 Nxe4 26. Nd5
Nxd2 27. Qxd2 a5 28. Rf3 Rfe8 29. Qd3 Re6 30. Rh3 g6 31. f5
Rd6 32. Qf3 Bd4 33. Re1 g5 34. f6 Bxf6 35. Qe4 Bg7 36. Qxh7+
Kf8 37. Qf5 Rbd8 38. Rf3 Bxb2 39. Qxg5 Bf6 40. Qh6+ Bg7
41. Qf4 Rxd5 42. cxd5 Qxd5 43. Rf1 Qxa2 44. Qe4 Qd5 45. Rxf7+
Kg8 46. Qxd5 Rxd5 47. Ra7 Bc3 48. Rc1 Rc5 49. Rd1 Bg7 50. Rd8+
Kh7 51. Rdd7 Rg5 52. h3 Kh6 53. Rd6+ Rg6 54. Rd5 Kh7 55. g5
Kh8 56. Rd8+ Kh7 57. h4 b5 58. Rxa5 Rb6 59. Rd5 b4 60. Rab5
Rxb5 61. Rxb5 Bc3 62. h5 Bd2 63. Kg2 1-0

[Event "Chess Olympiad (Women)"]
[Site "Tromso NOR"]
[Date "2016.09.09"]
[EventDate "?"]
[Round "7.14"]
[Result "1/2-1/2"]
[White "Betul Cemre Yildiz"]
[Black "Hoang Thi Bao Tram"]
[WhiteElo "2369"]
[BlackElo "2325"]
[PlyCount "44"]

1. e4 c6 2. d4 d5 3. exd5 cxd5 4. Bd3 Nc6 5. c3 Nf6 6. Bf4 Bg4
7. Qb3 Qc8 8. Nd2 e6 9. Ngf3 Be7 10. O-O O-O 11. Rfe1 Bh5
12. Ne5 Nxe5 13. Bxe5 Bg6 14. Bxg6 hxg6 15. a4 Qc6 16. Qb5
Rac8 17. Nb3 b6 18. Nd2 Ne8 19. Qa6 Qd7 20. Qb5 Qc6 21. Qa6
Qd7 22. Qb5 Qc6 1/2-1/2

[Event "Chess Olympiad (Women)"]
[Site "Tromso NOR"]
[Date "2016.09.10"]
[EventDate "2016.09.02"]
[Round "8.22"]
[Result "1-0"]
[White "Betul Cemre Yildiz"]
[Black "Inna Agrest"]
[WhiteElo "2369"]
[BlackElo "2222"]
[PlyCount "79"]

1. d4 Nf6 2. c4 g6 3. Nf3 Bg7 4. g3 O-O 5. Bg2 d6 6. O-O Nbd7
7. Nc3 a6 8. e4 e5 9. Qc2 Re8 10. Rd1 exd4 11. Nxd4 Ne5 12. c5
Bd7 13. cxd6 cxd6 14. Qb3 Qc8 15. Bg5 Qc5 16. Bxf6 Bxf6
17. Nd5 Bg7 18. Rac1 Qa7 19. Nc7 Bg4 20. Nf3 Be6 21. Qb4 Ng4
22. Qe1 Bh6 23. Rc3 Rec8 24. Nxa8 Rxc3 25. bxc3 Nxf2 26. Rd4
Nd3 27. Qb1 Bc4 28. Bf1 Ne5 29. Kg2 Bxf1+ 30. Qxf1 Qxa8
31. Nxe5 dxe5 32. Rd7 Qe8 33. Rxb7 Qe6 34. Qe2 Qc6 35. Rb3 a5
36. Qd3 a4 37. Rb8+ Bf8 38. Qd5 Qxc3 39. Qd6 Qb2+ 40. Kh3 1-0